000 00929nam a2200253 i 4500
003 IT-RoINE
005 20181107112123.0
008 960118s1975 sp | ||| ||spa
020 _a8470501259
040 _aSpMaBN
_cSpMaBN IT-RoINE
_dIT-RoINE
100 1 _aVigil, José María,
_d1946-
_954153
245 1 3 _aLa política de la Iglesia apolítica :
_buna aportación a la teología política desde la historia /
_cpor José Mª Vigil Gallego.
260 _aValencia :
_bEDICEP,
_cD.L. 1975.
300 _a225 p. ;
_c21 cm.
336 _2rdacontent
_atext
337 _2rdamedia
_aunmediated
338 _2rdacarrier
_avolume
490 1 _aLas ideas y la vida ;
_v3
504 _aIncluye referencias bibliográficas en notas.
600 0 4 _aAntonio María Claret,
_cSanto,
_d1807-1870
_xPensamiento político
_954154
650 4 _aTeología política
_93623
830 0 _919827
_aIdeas y la vida ;
_v3
942 _cMTS
999 _c27471
_d27471